| 000 | 01171cam a22002892 4500 | ||
|---|---|---|---|
| 001 | 0000004082 | ||
| 005 | 20151217145753.0 | ||
| 008 | 070518s xx 000 0 eng d | ||
| 020 |
_a0070121354 : _cKES 2,500 |
||
| 040 |
_aKABU _cKABU |
||
| 050 | 0 |
_aQA76.73 _b.C153C653 1999 |
|
| 100 | 1 |
_aCohoon, James P. _@0000154447 |
|
| 245 | 1 | 0 |
_aC++ program design : _ban introduction to programming and object-oriented design / _cJames P. Cohoon, Jack W. Davidson. |
| 250 | _a2nd ed. | ||
| 260 |
_aBoston : _bWCB/McGraw-Hill, _cc1999. |
||
| 300 |
_axxx, 896 p. : _bill. ; _c24 cm + _e1 computer laser optical disc (4 3/4 in.) |
||
| 650 | 0 |
_aC++ (Computer program language) _@0000154344 |
|
| 650 | 0 |
_aObject oriented programming (Computer science) _@0000148166 |
|
| 700 | 1 |
_aDavidson, Jack Winfred. _@0000154448 |
|
| 908 | _a070518 | ||
| 950 | _@1 | ||
| 999 |
_c2438 _d2438 |
||